|
|
|
|
| LEADER |
00881nab#a2200301#ar4500 |
| 001 |
000017721 |
| 003 |
SVKKK |
| 005 |
00000000000000.0 |
| 008 |
c xo e sloo |
| FMT |
|
|
|
| 038 |
|
|
|a SVKKK
|
| 040 |
|
|
|a SVKKK
|b slo
|e AACR2
|
| 041 |
0 |
|
|a slo
|
| 044 |
|
|
|a xo
|c SK
|
| 080 |
|
|
|a 796.96
|2 1981
|
| 100 |
1 |
|
|a Kúšik, Štefan
|4 aut
|
| 245 |
1 |
0 |
|a Bezhlavosť nemá opodstatnenie :
|b S prezidentom HC Košice Jaroslavom Bilíkom aj o tom, prečo nenastalo dočasné sťahovanie - 2
|c Kúšik Štefan, , Bilík Jaroslav
|
| 500 |
|
|
|a (Dokonč.)
|
| 650 |
0 |
4 |
|a hokej ľadový
|z HC, Košice
|x chod klubu
|x káder hráčsky
|x rozhovory
|
| 700 |
1 |
|
|a Bilík, Jaroslav
|4 aut
|
| 773 |
0 |
|
|t Lúč
|g Roč. 7, č. 77(1998), dát. 0402, s. 12
|
| 957 |
|
|
|a Košice
|
| 958 |
|
|
|a KE
|
| 974 |
|
|
|d 980603
|a Čr
|
| 992 |
|
|
|a RBX
|
| BAS |
|
|
|
| 852 |
|
|
|a SVKKK
|b BIB
|
| 998 |
|
|
|a REG
|